Open Data Biblioteca Nacional de Portugal


República Portuguesa: Ministério da Cultura
Biblioteca Nacional de Portugal

Catálogo da BNP: acesso por Identificadores Unívocos
Registos Bibliográficos associados ao registo de autoridade

Etiqueta de registo: 00000nkm 2200025 450
001 2255347
003 http://id.bnportugal.gov.pt/bib/catbnp/2255347
100 ## $a20260127d1981 m y0pory01030103ba
101 0# $apor
102 ## $aPT
200 1# $aI Centenário do Nascimento de Picasso$bVisual gráfico]$fCasa da Cultura Caldas da Rainha
210 #9 $aCaldas da Rainha$cCasa da Cultura Caldas da Rainha,$d1981
215 ## $a1 cartaz$cp&b.$d29,7x21 cm
303 ## $aApresenta a medalha comemorativa com a inscrição: "A Pablo Picasso 1881-1981", da autoria do Escultor José Aurélio
317 ## $aColeção Madeira Luís
675 ## $a766(=1:469)"198"(084.5)$vBN$zpor$31658582
710 12 $aCentenário do Nascimento de Picasso (1881-1981),$d1,$eCaldas da Rainha,$f1981$31995691
712 02 $aCasa da Cultura das Caldas da Rainha$4557$379534
801 #0 $aPT$bBN$gRPC
966 ## $lBN$mICONOG$sCT. 5694 P.$x3
971 ## $cCaticonografia5$d20260127
972 ## $d20260414 $e1$vfpinelo$z0
995 ## $aPRR2026 $d20260127$iCaticonografia5

OpendataBNP@bnportugal.pt | Mais informação sobre acesso aos dados BNP